[Event "Rohde op 07th"]
[Site "Sautron"]
[Date "2007.10.31"]
[Round "6"]
[White "Edouard, Romain"]
[Black "Bogner, Sebastian"]
[Result "0-1"]
[WhiteElo "2472"]
[BlackElo "2383"]
[Annotator "RR"]
[PlyCount "62"]
[EventDate "2007.10.27"]
[EventType "swiss"]
[EventRounds "9"]
[EventCountry "FRA"]
[SourceTitle "EXT 2008"]
[Source "ChessBase"]
[SourceDate "2007.11.25"]
[SourceVersion "1"]
[SourceVersionDate "2007.11.25"]
[SourceQuality "1"]

1. e4 c5 2. Nf3 d6 3. d4 cxd4 4. Nxd4 Nf6 5. Nc3 a6 6. g3 e5 {[%csl Rd5] la
ligne principale} (6... e6 7. Bg2 Be7 8. O-O O-O 9. Be3 Qc7 10. f4 (10. a4 {
[%csl Gb6][%cal Ga4a5]}) 10... Nc6 11. Kh1 Bd7 12. Nb3 $1 {[%csl Rd7]} b5 13.
a3 $14) (6... g6) 7. Nb3 (7. Nde2 {La ligne principale} Be7 8. Bg2 O-O 9. O-O
Nbd7 10. a4 b6 11. h3 {[%cal Gg3g4]} Bb7 12. g4 $14) 7... Be7 8. Bg2 O-O (8...
Nbd7 {Edouard,R (2334)-Gharamian,T (2412) FRA-ch Accession 2005 (8) 1/2}) 9.
O-O (9. a4 Be6 10. O-O Nbd7 11. a5 $14 {[%csl Rb6,Rb7]}) 9... Nbd7 10. a4 {
[%cal Ga4a5]} b6 11. Re1 {[%cal Gb3d2,Gd2f1,Gf1e3]} ({RR} 11. Nd2 $142 {
[%cal Gd1e2,Gd2c4]} Qc7 12. Qe2 $14 {[%cal Gd2c4,Gc4e3] Avec la même idée que
la partie d'amener un Ne3 pour surcontroler "d5"} Bb7 13. Nc4 Bc6 (13... Rac8
14. Ne3 $14 {[%csl Gd5]}) 14. Ne3 $14 Nc5 15. Nf5 Rfe8 16. Rd1 Rad8 17. Bg5 Ne6
18. Nxe7+ Qxe7 19. Bxf6 Qxf6 20. Qxa6 Nd4 21. Qd3 Qh6 22. Ne2 d5 23. Nxd4 dxe4
24. Nf5 Qf6 25. Qc4 {1-0 Adams,M (2719)-Nunn,J (2617)/playchess.com INT 2003/
EXT 2004}) 11... Bb7 12. Nd2 $1 {[%cal Ge2f1,Gf1e3]} Rc8 (12... Qc7 13. Nf1 {
[%cal Gf1e3]} Rfc8 14. Ne3 {[%csl Gd5,Gf5]} Bf8 15. Re2 Bc6 16. Ned5 Qb8 17.
Bg5 Nxd5 18. Nxd5 Nc5 19. c3 h6 20. Be3 Qb7 21. Rd2 b5 22. axb5 axb5 23. Rxa8
Rxa8 24. b4 Ne6 25. Qb3 Nc7 26. Ra2 Nxd5 27. exd5 {Ivanov,A (2408)-Onischuk,V 
(2411)/Narva 2006/CBM 113 ext/0-1 (59)}) 13. Nf1 {[%csl Gd5][%cal Gf1e3]} Rc5
$5 {[%cal Gc5d5] Cette idée de Kulaots luttant pour le contrôle de la case
"d5" n'avait jamais été rejouée et elle est peut-être sous-estimée par la
théorie. Le même thème de Rc5 existe dans la B33} (13... Re8 14. Ne3 g6 15.
Ned5 Nxd5 16. Nxd5 Bxd5 17. Qxd5 Rxc2 18. Qd3 Qc8 19. Bf1 a5 20. Bh3 Rd8 21.
Be3 {1/2-1/2 Psakhis,L (2575)-Pigusov,E (2520)/Sochi 1987/TD}) (13... Nc5 {
Le coup normal, Rc5 est un peu artificiel} 14. Bg5 Ne6 {[%cal Ge6g5]} 15. Bxf6
$1 {[%csl Rd5]} Bxf6 16. Ne3 $16 {[%csl Gd5,Gf5] Les N blancs sont trés forts})
14. Ne3 $146 {Un nouveau plan: curieusement Smirin avait choisi Be3 chassant
la Rc5 au lieu du naturel Ne3 surcontrolant la case "d5"} (14. Be3 {[%cal
Gg3g4,Ge3c5]} Rc7 15. g4 $1 Nc5 16. Ng3 {[%cal Gg3e4,Gg3f5];Smirin,I (2670)
-Kulaots,K (2530) Moscow Aeroflot op 2004 (7) 1-0}) 14... g6 $1 {[%csl Gf5]}
15. h3 (15. Bd2 Qa8 $132 {[%csl Re4][%cal Gf8c8]}) (15. Ra3 $5 {[%cal Ga3b3,
Ga3c3,Gc3d5]} Qa8 $5 (15... Rc7 $143 {[%cal Ge7a3]} 16. Ncd5 Nxd5 17. Nxd5 Bxd5
18. Qxd5 Rxc2 19. Bh6 Re8 20. Rf3 {[%csl Rf7][%cal Gd5f7,Gf3f7]} Nf6 21. Qb3
Rc5 22. Be3 Rc6 {[%csl Rf3]}) 16. Ncd5 Nxd5 17. Nxd5 Bxd5 18. exd5 {[%csl Rc6]}
Rfc8 19. Re2 f5 20. Be3 {[%cal Ge3c5]} R5c7 $11) 15... Qa8 16. Ng4 $6 (16. Ncd5
) (16. Ned5 Nxd5 17. Nxd5 Bxd5 18. exd5 Rfc8 $132 {[%csl Rc2]}) 16... Rxc3 $1
17. Nxf6+ Nxf6 18. bxc3 Nxe4 $36 19. c4 Rc8 20. Bf1 f5 21. Qe2 f4 22. gxf4 Bh4
$40 23. Kh2 $2 {L'écriture de Romain sur feuille de partie commençait а se
dégrader depuis le 20ème coup et il devait être en zeinot} (23. Be3) 23... Bxf2
{[%csl Rh2]} 24. Rd1 Bg3+ 25. Kg1 exf4 26. Qg4 Rf8 27. Bg2 Qe8 28. Bb2 f3 29.
Bxf3 h5 30. Bxe4 hxg4 31. Bxb7 Qe2 {[%mdl 520]} 0-1

[Event "RUS Cup final"]
[Site "Magnitogorsk"]
[Date "2011.11.14"]
[Round "1.2"]
[White "Dvoirys, Semen I"]
[Black "Andriasian, Zaven"]
[Result "0-1"]
[WhiteElo "2592"]
[BlackElo "2619"]
[Annotator "RR"]
[PlyCount "70"]
[EventDate "2011.11.13"]
[EventType "k.o."]
[EventRounds "4"]
[EventCountry "RUS"]
[SourceTitle "CBM 146"]
[Source "ChessBase"]
[SourceDate "2012.01.18"]
[SourceVersion "1"]
[SourceVersionDate "2012.01.18"]
[SourceQuality "1"]

1. e4 c5 2. Nf3 d6 3. d4 cxd4 4. Nxd4 Nf6 5. Nc3 a6 6. g3 e5 7. Nb3 Be7 8. Bg2
b5 9. Bg5 Bg4 10. f3 Be6 11. f4 h6 12. Bxf6 Bxf6 13. f5 Bc8 14. a4 b4 15. Nd5
a5 16. Nxf6+ gxf6 17. O-O Qb6+ 18. Kh1 Ba6 19. Qd5 Bb7 20. Qd2 Nd7 21. Rfd1 Ke7
22. c3 bxc3 23. Qxc3 Rhc8 24. Qd3 Ba6 25. Qd2 Bb7 $6 (25... Ra7 26. Nxa5 Rac7
$19) 26. Qd3 $15 Qb4 27. h4 Rc4 28. Rac1 Rac8 29. Kh2 Ba6 30. Ra1 $2 (30. Qd5
Rxc1 31. Nxc1) 30... Qb6 $2 (30... R4c6 31. Qe3 Rc2) 31. Qf3 $19 Rc2 32. Nd2
Qxb2 33. Qe3 R8c3 34. Qxh6 Rd3 35. Rab1 Rdxd2 0-1

[Event "Olympiad-36"]
[Site "Mallorca"]
[Date "2004.10.29"]
[Round "14"]
[White "Movsesian, Sergei"]
[Black "Sadvakasov, Darmen"]
[Result "1/2-1/2"]
[WhiteElo "2629"]
[BlackElo "2631"]
[Annotator "Ramirez Alvarez,A"]
[PlyCount "124"]
[EventDate "2004.10.15"]
[EventType "team-swiss"]
[EventRounds "14"]
[EventCountry "ESP"]
[SourceTitle "CBM 104"]
[Source "ChessBase"]
[SourceDate "2005.01.27"]
[SourceVersion "1"]
[SourceVersionDate "2005.01.27"]
[SourceQuality "1"]
[WhiteTeam "Slovakia"]
[BlackTeam "Kazakhstan"]
[WhiteTeamCountry "SVK"]
[BlackTeamCountry "KAZ"]

1. e4 c5 2. Nf3 d6 3. d4 cxd4 4. Nxd4 Nf6 5. Nc3 a6 6. g3 {The fianchetto for
white in an open sicilian has never been a main line. Yet in my opinion they
do hold some venom.} e5 {The "Najdorf" approach, the Scheveningen way would be
with e6, which transposes back to the B80s.} 7. Nb3 (7. Nde2 {[%csl Yd5][%cal
Gc3d5,Ge2c3,Gg2d5,Gf1g2] Is more popular}) 7... b5 8. a4 {Now we are
definetley out of theory. White players used to employ either the natural
developing Bg2, or Bg5 pinning the kings knight, trying to grab control over
d5.} b4 {Basically forced, as well as whites move.} 9. Nd5 Bb7 10. Bg2 a5 {
Classical games didn't look like this! White has forced black to gain lots of
space in the queenside, while he gets a good grip over the d5 square. Black on
the other hand is not in a hurry to exchange whites knight on d5 (leaving him
with a pawn) and considers it rather harmless, just playing around it.} 11. O-O
Nbd7 12. Re1 Be7 {Black is simply developing. Whites position does look nice,
but it lacks a concrete plan so far.} 13. c4 bxc3 14. Nxc3 {White liquidates
the b and c pawns, and achieves a queen side majority. For the moment this is
not really a good thing, since his b pawn is backwards. Black should have an
equal game now.} O-O 15. Nb5 {Pressuring the weak d6 pawn, but Sadvakasov just
defends it tactically.} Bc6 $1 16. Bd2 {The best, white refuses the d6 pawn
and focuses on a5.} (16. Nxd6 Nb6 17. Nf5 Bb4 $15 {[%csl Ya4] And whites a4
pawn falls. Blacks pieces turn out to be better placed, and therefore gives
him the more comfortable game. Some sample variations:} 18. Qxd8 (18. Be3 Qxd1
(18... Bxe1 $2 19. Qxd8 Rfxd8 20. Bxb6 Rdb8 21. Nxa5 Bxa5 22. Bxa5 Bxe4 (22...
Rxa5 $4 23. Ne7+ Kh8 24. Nxc6 $18 {[%csl Ga5,Gb8][%cal Yc6a5,Yc6b8]}) 23. Bxe4
Nxe4 24. b4 $44) (18... Nxa4 $5 19. Qc2 $1 Bb5 20. Red1 $6 (20. Bd2 $13) 20...
Qc8 $1 21. Rac1 Qxc2 22. Rxc2 Rfd8 $15) 19. Rexd1 Bxa4 20. Bxb6 Bxb3 21. Rdc1
a4 $15 {[%csl Rb2][%cal Gf8b8,Gb8b2]}) 18... Rfxd8 19. Bd2 Rxd2 20. Nxd2 g6 (
20... Bxd2 21. Ne7+ Kf8 22. Nxc6 Bxe1 23. Rxe1 $14) 21. Rec1 Bd7 22. Nh6+ Kg7
23. Nf3 Kxh6 $15 {Of course, I very much doubt Sadvakasov could see this far 
(sorry if you did, Darmen!) but he must have felt that his position had lots
of resources, and that the pawn would at least be regained.}) 16... Qb6 $6 (
16... Bxb5 17. axb5 a4 18. Nc1 Nc5 19. b4 axb3 20. Nxb3 (20. Rxa8 $6 Qxa8 21.
Nxb3 Ncxe4 22. Be3 $13 {Leaves white with the pair of bisohps on an open game,
with an outside passed pawn. It is not clear if it's enough for the pawn,
though}) 20... Rxa1 21. Nxa1 Qb6 22. Qe2 Rb8 23. Rb1 $11 {White shouldn't
really be able to make any type of progress here, his pawn is well blocked and
his pieces aren't coordinating.}) 17. Nc3 $2 {Black should be better after
this move} (17. Qe2 Rfb8 18. Rec1 $1 Bxb5 19. axb5 a4 20. Rc6 Qd8 21. Nc1 $13)
17... Rfb8 {It is obvious that black has organized a nice queen side pressure,
while whites knight manouvre has been fruitless. Now the awkward 18. Ra3 is
the only move that doesnt lose material in the act, but is of course
uncomfortable to play.} 18. Ra3 Qb7 {Pressuring e4, thus trying to force f3
burying the g2 bishop, and more important excluding it out of the fight of d5.
Normally in a Najdorf Sicilian when black has won his d5 square, he stands
better. Of course it is stupid to play by dogmas, but this is a good general
indication of what has happened here. That and all the queenside pressure!} 19.
Bc1 {Defending b2, it is sad to make this moves, but when you are a GM you
won't just give your pawns away for nothing!} Nb6 {[%cal Gd6d5] Preparing the
liberating d5, after which white's position is aweful.} 20. Nd2 {The only
decent move, since Nc4 was also being threatened.} d5 {[%csl Ra3][%cal Ge7a3]}
21. exd5 {The Rook is of course taboo due to dxc6, but black can simply retake
on d5.} Nfxd5 22. Nxd5 Bxa3 $2 {No! Sadvakasov takes on a3 too soon, and the
following simplifications only help relieve white. There was no need to give
up the e5 pawn. Much better was:} (22... Bxd5 23. Bxd5 Qxd5 24. Rae3 f6 $17 {
When blacks advantage is obvious.}) 23. Nxb6 $1 {Black cannot create any
threats on the h1-a8 diagonal, and therefor white is fine.} Bxg2 24. Nxa8 Bb4 {
The best, whites knight is trapped on the corner, and it wont go anywhere,
black still has the initiative, yet he has to build up his big advantage up
again.} 25. Rxe5 Qxa8 {Blacks pressure and pair of bishops compensate for the
pawn deficit, and it is still white who is arguably somewhat worse, yet with
some good play Movsesian extinguises the threats against his king.} 26. f3 Bh3
27. Ne4 {Slowly whites pieces crawl out.} Rd8 28. Qe2 Qc6 29. Nc3 {Of course!
Giving the pawn back is simplest, despite whites king being weak, black can't
really make any use of it in the opposite colored bishop endgame, even with
two major pieces still on the board. Darmen decides not to take on c3, and
tries to do some damage with his bishops.} h6 (29... Bxc3 30. bxc3 Qxa4 (30...
Qxc3 $4 31. Re8+) 31. g4 $5 {Forces the queens off.} h5 32. Kf2 hxg4 33. fxg4
Bxg4 (33... Rc8 34. Bd2 $11) 34. Re4 $11) 30. Bd2 f6 31. Rh5 {White is trying
to scare blacks unopposed bishop away.} Qe6 {Exchanging queens will leave
white with basically nothing to worry about... or one would think! Darmen has
a sneaky plan under his sleeve, but unfortunately it backfires. Better was:} (
31... Be6 32. Rh4 Bb3 $15 {And black still has some pressure.}) 32. Qxe6+ Bxe6
33. Be3 g5 $2 {The "idea". Whites rook is trapped, so white must do something
quickly.} (33... f5 {With the same plan, was a much better way of doing it,
yet whites minor pieces should hold the queenside, and the game probably would
end in a draw.}) 34. Rxh6 Kg7 35. Bxg5 $1 {Perhaps Darmen missed this strong
move, now in the resulting endgame only white can win.} Bc5+ 36. Kg2 Bd4 37.
Ne4 {Everyone pressuring f6! White could alo have run back with his bishop:} (
37. Bc1 Bxc3 (37... Rc8 $1 38. Bd2 Bxc3 39. bxc3 Rc4 $16) 38. bxc3 Rd3 39. Bg5
$18) 37... Rf8 38. Bxf6+ $1 $18 Bxf6 39. Rxf6 Rxf6 40. Nxf6 Kxf6 {And
interesting endgame. White has for the moment 4 pawns for the piece which will
be converted into just 3 pawns after a4 falls. Blacks bishop is well known to
be able to hold the 3 pawns, since he can sacrifice himself for them. Yet the
presence of the b and a pawns will make a huge difference, since if timed
right white can transpose into a winning pawn edgame. Perhaps Sergey did
calculate everything here, since blacks defensive set-ups aren't many.} 41. g4
Bb3 42. h4 Bxa4 43. f4 {Rollin the pawn forwards, nothing else makes sense of
course.} Bd1 44. Kg3 a4 $1 {This move might be important on a resulting
endgame.} 45. f5 Ke5 46. h5 {Here, probably white already saw everything that
follows. The next moves are forced for black, and the issuing endgame is
winning.} Bb3 47. h6 Bg8 48. Kh3 $1 {Zugzwang, black is forced with his bishop
to h7, now or on the next move, so it wont be able to avoid whites king to
settle in h5.} Bh7 $22 (48... Kf6 49. Kh4 {and Bh7 is forced}) 49. Kh4 Kf6 50.
Kh5 Bg8 51. g5+ Kxf5 52. g6 Kf6 53. h7 Bxh7 54. gxh7 Kg7 55. Kg5 {Whites king
is much, much faster to the kingside. Many people would just resign (and I
could stop commenting!) but this game's surprise stock isnt gone yet.} Kxh7 56.
Kf6 Kg8 57. Ke7 {The way, whites king doesn't allow blacks to follow him
closely, anything else is of course drawn} (57. Ke6 $4 Kf8 58. Kd6 Ke8 59. Kc6
Kd8 60. Kb5 a3 $11) 57... Kg7 58. Kd6 Kf6 59. Kc6 $4 {Such a pity! After
conducting a tough defense, then slowly getting his position organized, then
gaining a decisive advantage, white throws his many hours work away with this
aweful blunder. This things hurt, trust me!} (59. Kc5 {Was quite simply
winning, since then blacks king doesnt reach c8.} a3 (59... Ke7 60. Kb4 a3 61.
Kxa3 {[%csl Ga4,Gb4,Gc4] Any endgame book will tell you that if whites king
can get into b4, the endgame is winning.}) 60. bxa3 Ke7 61. Kc6 Kd8 62. Kb7 $18
) 59... Ke6 60. Kb5 a3 {Ouch, white of course must take the pawn, and
transform his own into the most useless type of pawn in a kings endgame: the
rook file's pawn.} 61. bxa3 Kd7 62. Kb6 Kc8 {Black's king reaches his goal,
and stops the a pawn. A dissapointing result... for both players!} 1/2-1/2

[Event "Qatar Masters op"]
[Site "Doha"]
[Date "2015.12.22"]
[Round "3"]
[White "Giri, Anish"]
[Black "Wojtaszek, Radoslaw"]
[Result "1-0"]
[WhiteElo "2784"]
[BlackElo "2723"]
[Annotator "Roiz,M"]
[PlyCount "119"]
[EventDate "2015.12.20"]
[EventType "swiss"]
[EventRounds "9"]
[EventCountry "QAT"]
[SourceTitle "CBM 170"]
[Source "ChessBase"]
[SourceDate "2016.01.15"]
[SourceVersion "1"]
[SourceVersionDate "2016.01.15"]
[SourceQuality "1"]

1. e4 c5 2. Nf3 d6 3. d4 cxd4 4. Nxd4 Nf6 5. Nc3 a6 6. g3 e5 7. Nde2 Be7 8. Bg2
b5 9. Nd5 Nbd7 10. Nec3 Nb6 (10... Bb7 {has been tried on the top level a
couple of times, but it doesn't seem sufficient for solving the problems:} 11.
a4 Nxd5 12. Nxd5 Nf6 (12... O-O 13. axb5 axb5 14. Rxa8 Bxa8 15. O-O $14 {
1-0 Adams,M (2740)-Navara,D (2724)/Biel SUI 2015 (56)}) 13. Nxe7 (13. axb5 {
offers less:} Nxd5 14. exd5 axb5 15. Rxa8 Qxa8 $132 {1-0 Carlsen,M (2876)
-Grischuk,A (2781)/Stavanger NOR 2015 (45)}) 13... Qxe7 14. axb5 axb5 15. Rxa8+
Bxa8 16. Qd3 $14) 11. Nxe7 Qxe7 12. Bg5 $146 {Anish comes up with a natural
novelty in a rare theoretical position.} ({The previously played} 12. Be3 Rb8 (
12... Nc4 13. Bg5 Bb7 14. b3 $14) 13. O-O O-O 14. b3 b4 ({Perhaps,} 14... Be6
$142 {was the more precise way of handling the position. In this case Black's
position looks quite solid.}) 15. Ne2 Nbd7 16. c4 $14 {(Salgado Lopez,I (2615)
-Asis Gargatagli,H (2487)/ Linares ESP 2015) was slightly better for White.})
12... h6 {There is no reason for delaying this move - the pin on the Nf6 is
very annoying.} ({After} 12... b4 13. Bxf6 Qxf6 14. Nd5 Nxd5 15. Qxd5 Rb8 16.
O-O O-O 17. a3 bxa3 18. b3 Bb7 19. Qd3 $14 {Black suffers from weak pawns in
his camp.}) ({Black's position is quite passive also in the event of} 12... Bb7
13. O-O O-O (13... h6 14. Bxf6 Qxf6 15. a4 bxa4 16. Nxa4 Nxa4 17. Rxa4 O-O 18.
Qd3 $14) 14. f4 Nbd7 15. Qd2 $14) 13. Bxf6 Qxf6 14. a4 bxa4 (14... b4 $2 {
is dubious:} 15. Nd5 Nxd5 16. Qxd5 Ra7 17. Qc6+ Bd7 18. Qb6 $16 {and Black
loses the pawn.}) 15. Nxa4 Nxa4 16. Rxa4 {White has a small, but long-lasting
advantage due to a better pawn structure.} O-O {The most natural.} ({However,} 
16... Bd7 $5 {deserved serious attention:} 17. Ra5 Qd8 {The best is} 18. Qd2 $1
({Now White achieves nothing with} 18. Rd5 O-O 19. O-O ({Black is doing well
also after} 19. Rxd6 Qa5+ 20. c3 Bb5 $132) 19... Be6 20. Rxd6 Qb8 21. b3 a5 $44
) {, and then after} 18... Bb5 19. b3 Qb6 20. c4 Bd7 21. O-O O-O 22. Rfa1 Be6 {
Black gets a slightly worse, but very solid position.}) 17. O-O Bd7 18. Ra5
Rfb8 {This move is connected with an idea of simplifying matters.} (18... Rfc8
19. Re1 Bb5 20. Qd2 Qg5 21. Re3 $14) 19. b3 Rb5 20. Qd2 $6 {This move has a
concrete drawback.} ({A much better one was} 20. Ra2 Rc5 21. Qd2 Rac8 22. Re1
Rc3 23. Re3 $14) 20... Rxa5 $6 {Returning the favour.} ({Black could have
solved all the problems by means of} 20... Qg5 $1 21. Qxg5 ({White's setup is
too passive after} 21. Qe1 Rc8 22. Ra2 a5 $11) 21... hxg5 22. Rfa1 Rxa5 23.
Rxa5 Rc8 24. Ra2 (24. c4 Rb8 25. Rxa6 Rxb3 $11) 24... a5 25. Bf1 g4 26. Bd3 Ra8
$11 {with equality.}) 21. Qxa5 Qd8 {Liquidating into an endgame wouldn't fully
solve the problems, but Black's practical task is getting somewhat easier.} (
21... Rc8 22. c4 Rc6 23. Rd1 $14) 22. Qxd8+ Rxd8 23. Rd1 $1 ({Correctly
rejecting} 23. Ra1 Rc8 24. Ra2 a5 $1 {and Black manages to consolidate.}) 23...
Bc6 24. Ra1 {Now, when the c-file is blocked by the Bc6, it makes sense to put
pressure on another weak pawn.} Ra8 25. Ra5 {A decent prophylactic move. It is
important to fix the pawn on the light square.} Bb7 26. f3 {The Pe4 is
over-proteced, so White's bishop can be used for other functions.} Rc8 27. Ra2
Rc5 {The rook is placed somewhat awkwardly here, but} ({the alternative} 27...
a5 28. Kf2 Kf8 29. Bf1 Ke7 30. Ke3 Ra8 31. Bc4 $14 {just looks very passive.})
28. Kf2 a5 29. Bf1 Kf8 30. Ke3 d5 {A doubled-edged decision. Black manages to
get a rid of weak pawn, but now the c-pawn is potentially a dangerous passer.}
(30... Bc8 31. Bd3 Be6 $14) 31. exd5 Bxd5 32. c4 Be6 33. Kd2 ({Another way of
handling the position was:} 33. g4 {seizing some space on the k-side. The play
might continue:} Ke7 34. Bd3 g6 35. h4 f5 36. gxf5 gxf5 37. f4 $14) 33... Ke7
34. Bd3 f5 35. h4 g5 36. hxg5 hxg5 37. Kc3 Kf6 {GM Wojtaszek prefers to keep
his king on the k-side in order to cover some vulnerable squares along the
h-file.} ({A waiting strategy was also possible:} 37... Kd6 $5 38. Ra1 Ke7 $14
{and White cannot make any progress without major simplifications.}) 38. Ra1
Bc8 $6 {There was no reason for letting the opponent's rook come in.} ({
A better move was} 38... Ke7 39. Rh1 Rc8 40. Rh7+ Kf6 {and if} 41. Ra7 {, then}
Bd5 $1 42. Be2 Ra8 43. Rh7 Be6 {and Black is OK.}) 39. Rh1 Kg7 40. Rh5 Kg6 41.
Rh8 Kg7 42. Rd8 {Obviously, activating the rook is White's indisputable
achievement. However, it's not easy to make further progress.} Kf6 43. Rd6+ Be6
{A correct move - White cannot benefit from the pin.} (43... Ke7 $6 44. Rg6 {
led to the loss of pawn.}) 44. Ra6 Ke7 45. Rb6 Kf7 46. Ra6 Ke7 47. Be2 $1 Kf7
48. g4 {It was impossible to make any progress without this advance.} Ke7 49.
Rb6 {Now Black had to make the choice...} (49. gxf5 Bxf5 50. Bd3 Be6 $14) 49...
Kf7 $6 {Switching to active play is always a tough task.} ({A much better way
was} 49... fxg4 $1 50. fxg4 Rc8 51. Rb5 Kf6 52. Rxa5 Rh8 53. b4 Rh2 {with good
drawing chances due to activity of all the pieces.}) 50. Rd6 $6 {Returning the
favour!} ({It looks, like both players overlooked the following possibility:} 
50. gxf5 $1 Bxf5 51. Bd3 Bxd3 ({Even worse is:} 51... Be6 52. Be4 g4 53. fxg4
Bxg4 54. Bc6 Be6 55. Ra6 Ke7 56. Bb5 {and the Pa5 is gone. White's position
seems winning here, though the technical task is not easy yet.}) 52. Kxd3 Ke7
53. Ra6 Kf7 54. Ke4 {and Black's position is very difficult.}) 50... Ke7 $6 ({
Once again, a better way was} 50... fxg4 51. fxg4 Rc8 52. Ra6 Rh8 53. Rxa5 Rh3+
$14) 51. Ra6 fxg4 52. fxg4 {Now White gets access to the light squares.} Kf7
53. Ra7+ Kf6 54. Bf3 Bf7 55. Ra6+ Ke7 56. Bc6 Be6 57. Bb5 $2 {A serious
mistake, which could have spoiled all his advantage!} ({Instead, Anish had to
grab the pawn by means of} 57. Ra7+ Kd6 58. Bf3 Bd7 59. Ra6+ Ke7 60. Rg6 $16)
57... Bxg4 58. Rxa5 Bf3 $2 {Being tired from passive defence, Radoslaw doesn't
withstand the pressure.} ({At the same time, after} 58... Rc7 $1 59. b4 Bf3 {
, followed by 60...g4 Black would get sufficient counterplay.}) 59. Ra7+ Kf6
60. Bd7 $1 {That's it. The rook is trapped, so Black resigns.} 1-0